00882cam 2200253 4500001000800000005001700008008004100025035002100066906004500087010001700132020001500149040001800164050001900182082000800201100003500209245011500244260006200359300001900421440004500440490003100485650003800516991004500554099002900599218145919850814000000.0701119r1970 nyu 001 0 eng  9(DLC) 70117801 a7bcbccorignewd2encipf19gy-gencatlg a 70117801  a0836918339 aDLCcDLCdDLC00aB801b.H3 197000a1901 aHampshire, Stuart,d1914-eed.14aThe age of reason;bthe seventeenth century philosophers. Selected, with introd. and interpretive commentary. aFreeport, N.Y.,bBooks for Libraries Pressc[1970, c1956] a186 p.c23 cm. 4aThe Great ages of Western philosophy,v30 aEssay index reprint series 0aPhilosophy, Moderny17th century. bc-GenCollhB801i.H3 1970tCopy 1wBOOKS ahampshire-age-1072035955